|
|
|
|
| LEADER |
02371nam a2200457 a 4500 |
| 001 |
30744 |
| 003 |
BD-DhAAL |
| 005 |
20160105202110.0 |
| 008 |
151205s2009 ctua b 001 0 eng |
| 010 |
|
|
|a 2008032612
|
| 015 |
|
|
|a GBA8A9226
|2 bnb
|
| 016 |
7 |
|
|a 014753999
|2 Uk
|
| 020 |
|
|
|a 9780313356148 (alk. paper)
|
| 020 |
|
|
|a 0313356149 (alk. paper)
|
| 020 |
|
|
|a 9780313356704 ((pbk.) : alk. paper)
|
| 020 |
|
|
|a 031335670X ((pbk.) : alk. paper)
|
| 035 |
|
|
|a (OCoLC)ocn233543973
|
| 035 |
|
|
|a (OCoLC)233543973
|
| 040 |
|
|
|a DLC
|c DLC
|d BTCTA
|d YDXCP
|d UKM
|d C#P
|d CDX
|d BWX
|d DLC
|d BD-DhAAL
|
| 050 |
0 |
0 |
|a HF5549
|b .C296 2009
|
| 082 |
0 |
0 |
|a 658.3
|2 22
|
| 100 |
1 |
|
|a Caruth, Donald L.
|9 15711
|
| 245 |
1 |
0 |
|a Staffing the contemporary organization :
|b a guide to planning, recruiting, and selecting for human resource professionals /
|c Donald L. Caruth, Gail D. Caruth, and Stephanie S. Pane.
|
| 250 |
|
|
|a 3rd ed.
|
| 260 |
|
|
|a Westport, Conn. :
|b Praeger Publishers,
|c 2009.
|
| 300 |
|
|
|a xiii, 335 p. :
|b ill. ;
|c 25 cm.
|
| 504 |
|
|
|a Includes bibliographical references (p. [325]-327) and index.
|
| 505 |
0 |
|
|a Staffing : an overview -- Staffing legislation and regulation -- Significant federal court decisions -- EEOC compliance and affirmative action programs -- Job analysis -- Human resource planning -- The recruiting process -- The selecting process -- Selection tests -- Employment interviewing -- Performance appraisal -- Career planning and development -- Staffing system administration -- Evaluating the staffing function.
|
| 526 |
|
|
|a BBS
|
| 541 |
|
|
|e 30744, 30745
|
| 650 |
|
0 |
|a Personnel management.
|9 15712
|
| 650 |
|
0 |
|a Manpower planning.
|9 15713
|
| 650 |
|
0 |
|a Employees
|x Recruiting.
|9 9273
|
| 650 |
|
0 |
|a Employee selection.
|9 8932
|
| 700 |
1 |
|
|a Caruth, Gail D.,
|d 1954-
|9 15714
|
| 700 |
1 |
|
|a Pane, Stephanie S.,
|d 1976-
|9 15715
|
| 856 |
4 |
1 |
|3 Table of contents only
|u http://www.loc.gov/catdir/toc/ecip0824/2008032612.html
|
| 942 |
|
|
|2 ddc
|c BK
|
| 999 |
|
|
|c 35903
|d 35903
|
| 952 |
|
|
|0 0
|1 0
|2 ddc
|4 0
|6 658_300000000000000_CAR
|7 0
|9 57522
|a BRACUL
|b BRACUL
|c GEN
|d 2016-01-05
|e Trim Education
|g 4258.00
|l 3
|m 26
|o 658.3 CAR
|p 3010030744
|r 2023-06-09
|s 2023-06-02
|t 1
|w 2016-01-05
|y BK
|
| 952 |
|
|
|0 0
|1 0
|2 ddc
|4 0
|6 658_300000000000000_CAR
|7 0
|9 57523
|a BRACUL
|b BRACUL
|c GEN
|d 2016-01-05
|e Trim Education
|g 4258.00
|l 3
|m 4
|o 658.3 CAR
|p 3010030745
|r 2026-03-01
|s 2026-02-23
|t 2
|w 2016-01-05
|y BK
|